Your UNIX : The ultimate guide /
Đã lưu trong:
| Hovedforfatter: | |
|---|---|
| Format: | Sách giấy |
| Sprog: | English |
| Udgivet: |
New York :
McGraw-Hill ,
2001
|
| Tags: |
Tilføj Tag
Ingen Tags, Vær først til at tagge denne postø!
|
| Thư viện lưu trữ: | Thư viện Trường Đại học Đà Lạt |
|---|
| LEADER | 00550nam a2200241 4500 | ||
|---|---|---|---|
| 001 | DLU020019440 | ||
| 005 | ##1/4/2002 | ||
| 020 | # | # | |a 978- |
| 041 | # | # | |a eng |
| 082 | # | # | |a 005.43 |b DA-S |
| 100 | # | # | |a Das, Sumitabha |
| 245 | # | # | |a Your UNIX : |b The ultimate guide / |c Sumitabha Das |
| 260 | # | # | |a New York : |b McGraw-Hill , |c 2001 |
| 300 | # | # | |a 918 tr.; |c 23 cm. |
| 992 | # | # | |a 705122 |
| 994 | # | # | |a DLU |
| 900 | # | # | |a False |
| 911 | # | # | |a Administrator |
| 925 | # | # | |a G |
| 926 | # | # | |a A |
| 927 | # | # | |a SH |
| 980 | # | # | |a Thư viện Trường Đại học Đà Lạt |